[Event "EST-chT 21st"]
[Site "Tallinn"]
[Date "2006.03.26"]
[Round "7"]
[White "Laesson, Tuulikki"]
[Black "Tsiganova, Monika"]
[Result "1-0"]
[WhiteElo "2235"]
[BlackElo "2269"]
[PlyCount "111"]
[EventDate "2006.03.23"]
[EventType "team"]
[EventRounds "7"]
[EventCountry "EST"]
[SourceTitle "EXT 2007"]
[Source "ChessBase"]
[SourceDate "2006.11.23"]
[SourceVersion "1"]
[SourceVersionDate "2006.11.23"]
[SourceQuality "1"]
[WhiteTeam "Saaremaa MK"]
[BlackTeam "Narva Maletaht"]
[WhiteTeamCountry "EST"]
[BlackTeamCountry "EST"]

1. Nf3 Nf6 2. d4 e6 3. g3 d5 4. Bg2 c5 5. 0-0 Nc6 6. c3 Be7 7. dxc5 Bxc5 8. b4 Be7 9. Nbd2 0-0 10. Bb2 b6 11. b5 Na5 12. Ne5 Bb7 13. Nb3 Qc7 14. Nxa5 bxa5 15. c4 Rfd8 16. Qa4 dxc4 17. Bxb7 Qxb7 18. Nc6 Rd5 19. Qxc4 Bf8 20. a4 a6 21. Nxa5 Qb6 22. Qc6 Qxc6 23. Nxc6 axb5 24. axb5 Rxa1 25. Rxa1 Rxb5 26. Ra8 Nd7 27. Ba3 g6 28. Bxf8 Nxf8 29. Ra7 Rb1+ 30. Kg2 Rd1 31. Ne5 f6 32. Ng4 f5 33. Nf6+ Kh8 34. Rf7 Rd8 35. f4 h6 36. Kf3 g5 37. h3 Ra8 38. e3 Rb8 39. Ke2 Rd8 40. g4 gxf4 41. exf4 Rd4 42. Ke3 Rd1 43. g5 hxg5 44. fxg5 Rh1 45. Rxf8+ Kg7 46. Rg8+ Kf7 47. Rh8 e5 48. h4 Rh3+ 49. Ke2 f4 50. h5 e4 51. h6 Rh2+ 52. Kf1 e3 53. Ng4 e2+ 54. Ke1 Rg2 55. Ne5+ Ke6 56. Nf3 1-0

[Event "EST-chT 21st"]
[Site "Tallinn"]
[Date "2006.03.24"]
[Round "2"]
[White "Laesson, Tuulikki"]
[Black "Narva, Triin"]
[Result "1-0"]
[WhiteElo "2235"]
[BlackElo "1843"]
[PlyCount "27"]
[EventDate "2006.03.23"]
[EventType "team"]
[EventRounds "7"]
[EventCountry "EST"]
[SourceTitle "EXT 2007"]
[Source "ChessBase"]
[SourceDate "2006.11.23"]
[SourceVersion "1"]
[SourceVersionDate "2006.11.23"]
[SourceQuality "1"]
[WhiteTeam "Saaremaa MK"]
[BlackTeam "Reval Sport"]
[WhiteTeamCountry "EST"]
[BlackTeamCountry "EST"]

1. Nf3 d5 2. d4 c5 3. c3 cxd4 4. cxd4 g6 5. Nc3 Bg7 6. Qb3 Nf6 7. Bg5 e6 8. Qa3 a6 9. Ne5 Nc6 10. e3 Ne7 11. Bb5+ Bd7 12. Bxf6 axb5 13. Bxe7 Qxe7 14. Qxa8+ 1-0

[Event "EST-ch (Women)"]
[Site "Tallinn"]
[Date "2006.03.07"]
[Round "5"]
[White "Laesson, Tuulikki"]
[Black "Bashkite, Viktoria"]
[Result "1/2-1/2"]
[WhiteElo "2222"]
[BlackElo "2217"]
[PlyCount "26"]
[EventDate "2006.03.05"]
[EventType "tourn"]
[EventRounds "9"]
[EventCountry "EST"]
[SourceTitle "CBM 111 Extra"]
[Source "ChessBase"]
[SourceDate "2006.05.09"]
[SourceVersion "1"]
[SourceVersionDate "2006.05.09"]
[SourceQuality "1"]

1. Nf3 d5 2. d4 Nf6 3. Bf4 Bf5 4. e3 e6 5. Bd3 Bxd3 6. Qxd3 c6 7. 0-0 Bd6 8. Bg3 0-0 9. Nbd2 Bxg3 10. hxg3 Nbd7 11. e4 dxe4 12. Nxe4 Nxe4 13. Qxe4 Nf6 1/2-1/2

[Event "Keres Memorial (Women)"]
[Site "Tallinn"]
[Date "2006.01.12"]
[Round "8"]
[White "Laesson, Tuulikki"]
[Black "Rogule, Laura"]
[Result "0-1"]
[WhiteElo "2222"]
[BlackElo "2320"]
[PlyCount "124"]
[EventDate "2006.01.08"]
[EventType "tourn"]
[EventRounds "9"]
[EventCountry "EST"]
[SourceTitle "CBM 110 Extra"]
[Source "ChessBase"]
[SourceDate "2006.03.10"]
[SourceVersion "2"]
[SourceVersionDate "2006.03.10"]
[SourceQuality "1"]

1. e4 c5 2. Na3 Nc6 3. Bb5 g6 4. c3 Bg7 5. Nf3 Nf6 6. Qe2 0-0 7. 0-0 a6 8. Bxc6 dxc6 9. d4 cxd4 10. cxd4 Qc7 11. Nc4 Bg4 12. Nce5 Bxf3 13. Nxf3 Rad8 14. g3 h6 15. h4 Qc8 16. Kg2 c5 17. e5 Ng4 18. dxc5 Qxc5 19. Bf4 Rd5 20. Rac1 Qb6 21. Rc2 Rfd8 22. Re1 Qe6 23. Qe4 R5d7 24. b3 Kh7 25. h5 Kg8 26. hxg6 fxg6 27. Rc4 Rd5 28. Re2 b5 29. Rd4 g5 30. Bxg5 Rxd4 31. Nxd4 Rxd4 32. Qxd4 hxg5 33. Qe4 Nxe5 34. Qa8+ Kf7 35. Qe4 Qc6 36. f4 gxf4 37. gxf4 Qxe4+ 38. Rxe4 Nd3 39. a4 Nc5 40. Re3 bxa4 41. bxa4 Nxa4 42. Ra3 Nc5 43. Kf3 Ke6 44. Ra5 Kd5 45. f5 Kc4 46. Kg4 Bc3 47. Ra2 a5 48. Kh5 a4 49. Kg6 Kb3 50. Re2 Bf6 51. Re3+ Kb4 52. Kf7 a3 53. Re2 Kb3 54. Re3+ Kb2 55. Re2+ Kc3 56. Re3+ Nd3 57. Re2 Ne5+ 58. Ke6 Nc4 59. Kf7 Kb3 60. Rxe7 Bxe7 61. Kxe7 a2 62. f6 Ne5 0-1

[Event "Keres Memorial (Women)"]
[Site "Tallinn"]
[Date "2006.01.11"]
[Round "6"]
[White "Laesson, Tuulikki"]
[Black "Tsiganova, Monika"]
[Result "1-0"]
[WhiteElo "2222"]
[BlackElo "2282"]
[PlyCount "69"]
[EventDate "2006.01.08"]
[EventType "tourn"]
[EventRounds "9"]
[EventCountry "EST"]
[SourceTitle "CBM 110 Extra"]
[Source "ChessBase"]
[SourceDate "2006.03.10"]
[SourceVersion "2"]
[SourceVersionDate "2006.03.10"]
[SourceQuality "1"]

1. e4 c5 2. Nf3 d6 3. c3 Nf6 4. Qc2 Nc6 5. d4 cxd4 6. Nxd4 e5 7. Nf3 h6 8. Be2 Be7 9. 0-0 0-0 10. Na3 Be6 11. Rd1 Rc8 12. Qb1 Qc7 13. Nb5 Qb8 14. c4 Bg4 15. Be3 a6 16. Nc3 Na5 17. b3 b5 18. Nd5 Nxd5 19. cxd5 Bxf3 20. Bxf3 Bg5 21. Bxg5 hxg5 22. Qd3 Qb6 23. Bg4 Rc7 24. Qd2 f6 25. Be6+ Kh7 26. Rac1 Re7 27. Qe2 g6 28. Qg4 Kg7 29. h4 gxh4 30. Bf5 g5 31. Qh5 Kg8 32. Qg6+ Kh8 33. Rc8 Rxc8 34. Qxf6+ Rg7 35. Bxc8 1-0

[Event "Keres Memorial (Women)"]
[Site "Tallinn"]
[Date "2006.01.09"]
[Round "2"]
[White "Laesson, Tuulikki"]
[Black "Grabuzova, Tatiana"]
[Result "0-1"]
[WhiteElo "2222"]
[BlackElo "2355"]
[PlyCount "112"]
[EventDate "2006.01.08"]
[EventType "tourn"]
[EventRounds "9"]
[EventCountry "EST"]
[SourceTitle "CBM 110 Extra"]
[Source "ChessBase"]
[SourceDate "2006.03.10"]
[SourceVersion "2"]
[SourceVersionDate "2006.03.10"]
[SourceQuality "1"]

1. e4 e6 2. d4 d5 3. Nc3 Nf6 4. e5 Nfd7 5. f4 c5 6. Nf3 Nc6 7. Be3 a6 8. Qd2 b5 9. a3 g5 10. fxg5 cxd4 11. Bxd4 Bg7 12. 0-0-0 Nxd4 13. Qxd4 Bxe5 14. Qe3 Bxc3 15. Qxc3 0-0 16. h4 Bb7 17. Bd3 Rc8 18. Qd4 Qc7 19. Rhe1 a5 20. Ne5 Nxe5 21. Qxe5 Qxe5 22. Rxe5 b4 23. axb4 axb4 24. Kd2 Ra8 25. Rf1 Ra2 26. Rf4 Rxb2 27. Kc1 Ra2 28. Rxb4 Ba6 29. Kb1 Ra5 30. Bxa6 Rxa6 31. Kc1 Rfa8 32. Re3 Ra4 33. Rxa4 Rxa4 34. g3 Ra1+ 35. Kd2 Rf1 36. Ke2 Rf5 37. Rb3 Kg7 38. Rb4 Re5+ 39. Kf3 Re1 40. h5 Rc1 41. Rb2 Rd1 42. Rb7 Rd4 43. Rb8 h6 44. gxh6+ Kxh6 45. g4 Rc4 46. Rb7 Kg5 47. Rxf7 Rc3+ 48. Ke2 Kxg4 49. Rf6 e5 50. Kd2 Rh3 51. h6 Kg5 52. Rd6 d4 53. Rc6 Rxh6 54. Rc5 Kf4 55. Kd3 Rh3+ 56. Kd2 e4 0-1

[Event "Nordic-ch (Women)"]
[Site "Vammala"]
[Date "2005.09.04"]
[Round "9"]
[White "Laesson, Tuulikki"]
[Black "Ptacnikova, Lenka"]
[Result "1/2-1/2"]
[WhiteElo "2228"]
[BlackElo "2204"]
[PlyCount "31"]
[EventDate "2005.08.24"]
[EventType "swiss"]
[EventRounds "9"]
[EventCountry "FIN"]
[SourceTitle "CBM 108 Extra"]
[Source "ChessBase"]
[SourceDate "2005.11.04"]
[SourceVersion "1"]
[SourceVersionDate "2005.11.04"]
[SourceQuality "1"]

1. e4 c5 2. d3 g6 3. f4 Bg7 4. Nf3 Nc6 5. g3 d6 6. Bg2 Nf6 7. 0-0 Bg4 8. h3 Bxf3 9. Bxf3 0-0 10. c3 e6 11. Be3 Rc8 12. Nd2 b6 13. Bg2 d5 14. e5 Nd7 15. Bf2 a6 16. Nb1 1/2-1/2

[Event "Nordic-ch (Women)"]
[Site "Vammala"]
[Date "2005.08.28"]
[Round "3"]
[White "Bashkite, Viktoria"]
[Black "Laesson, Tuulikki"]
[Result "1/2-1/2"]
[WhiteElo "2173"]
[BlackElo "2228"]
[PlyCount "25"]
[EventDate "2005.08.24"]
[EventType "swiss"]
[EventRounds "9"]
[EventCountry "FIN"]
[SourceTitle "CBM 108 Extra"]
[Source "ChessBase"]
[SourceDate "2005.11.04"]
[SourceVersion "1"]
[SourceVersionDate "2005.11.04"]
[SourceQuality "1"]

1. Nf3 d6 2. e4 c5 3. Bb5+ Bd7 4. Bxd7+ Qxd7 5. 0-0 Nc6 6. c3 d5 7. exd5 Qxd5 8. d4 e6 9. Be3 cxd4 10. Nxd4 Nf6 11. Qa4 a6 12. Nxc6 Qxc6 13. Qxc6+ 1/2-1/2

[Event "Nordic-ch (Women)"]
[Site "Vammala"]
[Date "2005.08.27"]
[Round "2"]
[White "Laesson, Tuulikki"]
[Black "Hagesaether, Ellen"]
[Result "1/2-1/2"]
[WhiteElo "2228"]
[BlackElo "2190"]
[PlyCount "79"]
[EventDate "2005.08.24"]
[EventType "swiss"]
[EventRounds "9"]
[EventCountry "FIN"]
[SourceTitle "CBM 108 Extra"]
[Source "ChessBase"]
[SourceDate "2005.11.04"]
[SourceVersion "1"]
[SourceVersionDate "2005.11.04"]
[SourceQuality "1"]

1. e4 d6 2. Bc4 Nf6 3. Qe2 g6 4. Nf3 Bg7 5. d4 Nc6 6. h3 0-0 7. 0-0 Nd7 8. c3 Nb6 9. Bb3 e5 10. dxe5 dxe5 11. Be3 Qe7 12. Nbd2 h6 13. a4 Kh8 14. a5 Nd7 15. Bd5 Nd8 16. a6 c6 17. axb7 Bxb7 18. Bc4 Nb6 19. Ba6 Ne6 20. Bxb7 Qxb7 21. b4 Nf4 22. Bxf4 exf4 23. Nd4 Rfe8 24. Qg4 Qc7 25. Ra5 Rad8 26. Rfa1 Nc8 27. Qh4 Kg8 28. Rc5 Bxd4 29. cxd4 Rxd4 30. Nf3 Rdxe4 31. Qxh6 Qd6 32. Rac1 Qf8 33. Qxf8+ Kxf8 34. Rxc6 Ne7 35. Rc7 a6 36. Ra7 Rxb4 37. Rxa6 Reb8 38. Ra7 Rb1 39. Ra1 Ra8 40. Ne1 1/2-1/2

[Event "EU-ch (Women) 6th"]
[Site "Kishinev"]
[Date "2005.06.21"]
[Round "10"]
[White "Paulet, Iozefina"]
[Black "Laesson, Tuulikki"]
[Result "1-0"]
[WhiteElo "2051"]
[BlackElo "2246"]
[PlyCount "73"]
[EventDate "2005.06.11"]
[EventType "swiss"]
[EventRounds "12"]
[EventCountry "MDA"]
[SourceTitle "CBM 106 Extra"]
[Source "ChessBase"]
[SourceDate "2005.07.01"]
[SourceVersion "1"]
[SourceVersionDate "2005.07.01"]
[SourceQuality "1"]

1. e4 c6 2. d4 g6 3. Nc3 Bg7 4. Nf3 d6 5. a4 Nf6 6. a5 0-0 7. Bc4 d5 8. Bd3 dxe4 9. Nxe4 Bg4 10. c3 Nbd7 11. 0-0 Qc7 12. h3 Bxf3 13. Qxf3 Nxe4 14. Bxe4 e5 15. dxe5 Nxe5 16. Qg3 a6 17. Be3 Qe7 18. Rfe1 Rfe8 19. Bg5 Qc5 20. Bc2 Nc4 21. b4 Qd6 22. Bf4 Qf6 23. Bb3 Ne5 24. Rad1 Qf5 25. Re3 Nd7 26. Red3 Nf8 27. Rf3 Ne6 28. Bh6 Qe4 29. Bxg7 Kxg7 30. Re3 Qf5 31. Rde1 Rad8 32. Rf3 Qg5 33. Rxf7+ Kh6 34. Rxe6 Rd1+ 35. Bxd1 Qxg3 36. fxg3 Rxe6 37. Kf2 1-0

[Event "EU-ch (Women) 6th"]
[Site "Kishinev"]
[Date "2005.06.20"]
[Round "9"]
[White "Laesson, Tuulikki"]
[Black "Partac, Elena"]
[Result "1/2-1/2"]
[WhiteElo "2246"]
[BlackElo "2190"]
[PlyCount "87"]
[EventDate "2005.06.11"]
[EventType "swiss"]
[EventRounds "12"]
[EventCountry "MDA"]
[SourceTitle "CBM 106 Extra"]
[Source "ChessBase"]
[SourceDate "2005.07.01"]
[SourceVersion "1"]
[SourceVersionDate "2005.07.01"]
[SourceQuality "1"]

1. d4 d5 2. Nf3 Nf6 3. Bf4 c5 4. e3 Qb6 5. Qc1 Nc6 6. c3 Bf5 7. dxc5 Qxc5 8. Nd4 Nxd4 9. exd4 Qb6 10. Be2 e6 11. a4 a6 12. a5 Qd8 13. Qd1 Be7 14. Qb3 Qc8 15. 0-0 0-0 16. Nd2 Rd8 17. Rfd1 h6 18. h3 Ne4 19. Nxe4 Bxe4 20. Rac1 Bd6 21. Bxd6 Rxd6 22. f3 Bf5 23. c4 dxc4 24. Rxc4 Qd8 25. Qc3 e5 26. d5 Rxd5 27. Rxd5 Qxd5 28. Rc5 Qa2 29. Qxe5 Be6 30. f4 Re8 31. Qc3 Qb1+ 32. Qc1 Qg6 33. Bh5 Qf6 34. Bf3 Qd4+ 35. Kh2 g6 36. Rc2 Bd5 37. Bxd5 Qxd5 38. Rc5 Qd4 39. Rc4 Qf2 40. Rc2 Qd4 41. Rc4 Qf2 42. Qc3 h5 43. Qd4 Qe1 44. Qc3 1/2-1/2

[Event "EU-ch (Women) 6th"]
[Site "Kishinev"]
[Date "2005.06.15"]
[Round "5"]
[White "Laesson, Tuulikki"]
[Black "Topel, Zehra"]
[Result "1-0"]
[WhiteElo "2246"]
[BlackElo "2085"]
[PlyCount "119"]
[EventDate "2005.06.11"]
[EventType "swiss"]
[EventRounds "12"]
[EventCountry "MDA"]
[SourceTitle "CBM 106 Extra"]
[Source "ChessBase"]
[SourceDate "2005.07.01"]
[SourceVersion "1"]
[SourceVersionDate "2005.07.01"]
[SourceQuality "1"]

1. d4 g6 2. e4 Bg7 3. c3 d6 4. Bd3 e5 5. Be3 Nc6 6. Ne2 Nf6 7. h3 0-0 8. d5 Ne7 9. 0-0 Ne8 10. Nd2 f5 11. f4 Nf6 12. fxe5 dxe5 13. c4 f4 14. Bf2 h6 15. Nf3 Nh5 16. Nc3 Bf6 17. c5 Kh8 18. Bc4 Ng7 19. Qe2 g5 20. Nh2 h5 21. Rad1 Ng6 22. c6 Be7 23. Nb5 a6 24. cxb7 Bxb7 25. Na7 f3 26. Nxf3 Nf4 27. Qe3 Bd6 28. Nc6 Qf6 29. Be1 Rae8 30. Bc3 Bxc6 31. dxc6 g4 32. hxg4 hxg4 33. Nh2 Qg5 34. Rd3 Nh3+ 35. Kh1 Qxe3 36. Rxe3 Bc5 37. Nxg4 Rxf1+ 38. Bxf1 Bxe3 39. gxh3 Bd4 40. Bxa6 Re6 41. Bb5 Bxc3 42. bxc3 Ne8 43. Ba4 Nd6 44. Bb3 Re8 45. Bd5 Nb5 46. c4 Nc3 47. c5 Kg7 48. Kg2 Na4 49. Kg3 Nxc5 50. h4 Nd3 51. h5 Re7 52. Kh4 Ne1 53. Ne3 Kf6 54. h6 Rh7 55. Kh5 Nd3 56. Ng4+ Ke7 57. Kg6 Rh8 58. Kg7 Rf8 59. h7 Nf4 60. Nh6 1-0

[Event "EU-ch (Women) 6th"]
[Site "Kishinev"]
[Date "2005.06.13"]
[Round "3"]
[White "Laesson, Tuulikki"]
[Black "Foisor, Cristina Adela B"]
[Result "0-1"]
[WhiteElo "2246"]
[BlackElo "2406"]
[PlyCount "98"]
[EventDate "2005.06.11"]
[EventType "swiss"]
[EventRounds "12"]
[EventCountry "MDA"]
[SourceTitle "CBM 106 Extra"]
[Source "ChessBase"]
[SourceDate "2005.07.01"]
[SourceVersion "1"]
[SourceVersionDate "2005.07.01"]
[SourceQuality "1"]

1. d4 d5 2. Nf3 c6 3. Bf4 e6 4. c3 f5 5. e3 Nf6 6. Bd3 Be7 7. Nbd2 Nbd7 8. h3 Ne4 9. Ne5 0-0 10. 0-0 Nxe5 11. Bxe5 Bd7 12. f3 Nxd2 13. Qxd2 Be8 14. Qc2 Bd6 15. f4 c5 16. Qf2 Rc8 17. g4 Bg6 18. Qg2 Bxe5 19. fxe5 Qg5 20. Rf4 fxg4 21. Bxg6 Rxf4 22. exf4 Qxg6 23. hxg4 cxd4 24. f5 Qg5 25. cxd4 Qe3+ 26. Qf2 Qe4 27. fxe6 Qxg4+ 28. Kh2 Rf8 29. Qg3 Qxe6 30. Rg1 Rf7 31. Qh3 Qc6 32. Rg2 g6 33. Qg4 Qc1 34. e6 Qh6+ 35. Kg1 Qe3+ 36. Kh2 Rf4 37. Qg5 Qxd4 38. e7 Re4 39. Rd2 Qe5+ 40. Qxe5 Rxe5 41. Rxd5 Rxe7 42. Kg3 Kg7 43. a4 h5 44. b4 Kf6 45. a5 g5 46. Rd6+ Kf5 47. Rd5+ Re5 48. Rd7 Rb5 49. Rf7+ Kg6 0-1

[Event "Olympiad Women-33"]
[Site "Elista"]
[Date "1998.10.10"]
[Round "11"]
[White "Laesson, Tuulikki"]
[Black "Houska, Jovanka"]
[Result "1/2-1/2"]
[WhiteElo "2255"]
[BlackElo "2190"]
[PlyCount "107"]
[EventDate "1998.09.29"]
[EventType "team-swiss"]
[EventRounds "13"]
[EventCountry "RUS"]
[SourceTitle "CBM 066 Extra"]
[Source "ChessBase"]
[SourceDate "1998.11.06"]
[SourceVersion "1"]
[SourceVersionDate "1998.11.06"]
[SourceQuality "1"]

1. e4 d5 2. exd5 Qxd5 3. Nc3 Qd6 4. d4 Nf6 5. Nf3 a6 6. Be2 Bf5 7. a3 e6 8. Be3 Nc6 9. 0-0 Be7 10. h3 h6 11. b4 Nd5 12. Nxd5 exd5 13. Bd3 Qg6 14. Ne5 Nxe5 15. dxe5 Bxd3 16. cxd3 d4 17. Bxd4 0-0-0 18. Be3 Rxd3 19. Qf3 Bg5 20. Qg4+ Kb8 21. Bxg5 hxg5 22. Rfd1 Rhd8 23. Rxd3 Rxd3 24. a4 Rd2 25. a5 Rd5 26. Re1 f5 27. exf6 gxf6 28. Qe6 Rd6 29. Qe7 Qg8 30. Rc1 Qd8 31. Qxd8+ Rxd8 32. Rc4 Rd2 33. f4 Rd5 34. Kf2 Kc8 35. Ke3 Kd7 36. fxg5 fxg5 37. g3 Re5+ 38. Kf3 b6 39. axb6 cxb6 40. h4 gxh4 41. Rxh4 a5 42. bxa5 bxa5 43. Kf4 Rb5 44. Rh7+ Ke6 45. Rh6+ Kf7 46. Ra6 Kg7 47. g4 Rc5 48. g5 Rc1 49. Ra7+ Kg6 50. Ra6+ Kg7 51. Rxa5 Rf1+ 52. Kg4 Rg1+ 53. Kf4 Rf1+ 54. Ke4 1/2-1/2

[Event "EST-chT"]
[Site "Tallinn"]
[Date "1998.??.??"]
[Round "6"]
[White "Tsiganova, Monika"]
[Black "Laesson, Tuulikki"]
[Result "1-0"]
[WhiteElo "2305"]
[BlackElo "2250"]
[PlyCount "55"]
[EventDate "1998.??.??"]
[EventType "team"]
[EventRounds "10"]
[EventCountry "EST"]
[SourceTitle "EXT 1999"]
[Source "ChessBase"]
[SourceDate "1998.11.16"]
[SourceVersion "1"]
[SourceVersionDate "1998.11.16"]
[SourceQuality "1"]

1. d4 d5 2. c4 e6 3. cxd5 exd5 4. Nc3 Nf6 5. Bg5 Be7 6. Qc2 h6 7. Bf4 c6 8. e3 Nbd7 9. Bd3 0-0 10. Nge2 Re8 11. h3 a6 12. 0-0-0 b5 13. g4 Bb7 14. Kb1 c5 15. dxc5 Nxc5 16. Bf5 Qa5 17. Nd4 b4 18. Nce2 Nfe4 19. Nc1 Qb6 20. Ncb3 g6 21. Bxe4 Nxe4 22. Bc7 Qf6 23. f3 Nd6 24. Nc5 Rec8 25. Nd7 Qg7 26. Nb6 Ne8 27. Nxa8 Nxc7 28. Nb6 1-0

[Event "EST-ch (Women)"]
[Site "Tallinn"]
[Date "1997.??.??"]
[Round "9"]
[White "Golubenko, Anastasia"]
[Black "Laesson, Tuulikki"]
[Result "1-0"]
[WhiteElo "2065"]
[BlackElo "2290"]
[PlyCount "51"]
[EventDate "1997.??.??"]
[EventType "tourn"]
[EventRounds "11"]
[EventCountry "EST"]
[SourceTitle "EXT 2000"]
[Source "ChessBase"]
[SourceDate "1999.11.16"]
[SourceVersion "1"]
[SourceVersionDate "1999.11.16"]
[SourceQuality "1"]

1. e4 d6 2. d4 Nf6 3. Nc3 g6 4. f4 Bg7 5. Nf3 0-0 6. Bd3 c6 7. 0-0 Nbd7 8. e5 Ne8 9. Ne4 c5 10. c3 cxd4 11. cxd4 Nb6 12. Qe1 dxe5 13. fxe5 f6 14. Bc2 Nc7 15. Qh4 Be6 16. Bh6 Bxh6 17. Qxh6 Rf7 18. Nc5 Bd5 19. Rad1 Qf8 20. Qxf8+ Rfxf8 21. b3 Kg7 22. Rfe1 Rad8 23. Be4 Bxe4 24. Rxe4 Rb8 25. exf6+ exf6 26. Re7+ 1-0

[Event "EST-ch (Women)"]
[Site "Tallinn"]
[Date "1997.??.??"]
[Round "4"]
[White "Rjazanova Ossipova, Valeria"]
[Black "Laesson, Tuulikki"]
[Result "0-1"]
[WhiteElo "2075"]
[BlackElo "2290"]
[PlyCount "72"]
[EventDate "1997.??.??"]
[EventType "tourn"]
[EventRounds "11"]
[EventCountry "EST"]
[SourceTitle "EXT 2000"]
[Source "ChessBase"]
[SourceDate "1999.11.16"]
[SourceVersion "1"]
[SourceVersionDate "1999.11.16"]
[SourceQuality "1"]

1. c4 f5 2. b3 Nf6 3. Bb2 d6 4. d4 g6 5. e3 Bg7 6. Nf3 0-0 7. Bd3 Qe8 8. 0-0 Nc6 9. Nc3 e5 10. Be2 e4 11. Nd2 a6 12. a3 g5 13. Qc2 Ne7 14. Rae1 g4 15. Bd1 Qg6 16. Ne2 Qg5 17. Ng3 h5 18. Ne2 Ng6 19. Nb1 h4 20. Qd2 Nh5 21. Nbc3 c6 22. g3 Bf6 23. Nf4 Qh6 24. Kg2 Rf7 25. Rh1 Nhxf4+ 26. exf4 h3+ 27. Kf1 Rb8 28. Re3 Qg7 29. Na2 c5 30. Re1 Ne7 31. Bc3 Bxd4 32. Bc2 Nc6 33. Rb1 Be6 34. Ke2 b5 35. cxb5 axb5 36. Rhd1 Ra7 0-1

[Event "EST-ch (Women)"]
[Site "Tallinn"]
[Date "1997.??.??"]
[Round "7"]
[White "Tsiganova, Monika"]
[Black "Laesson, Tuulikki"]
[Result "1-0"]
[WhiteElo "2245"]
[BlackElo "2290"]
[PlyCount "93"]
[EventDate "1997.??.??"]
[EventType "tourn"]
[EventRounds "11"]
[EventCountry "EST"]
[SourceTitle "EXT 2000"]
[Source "ChessBase"]
[SourceDate "1999.11.16"]
[SourceVersion "1"]
[SourceVersionDate "1999.11.16"]
[SourceQuality "1"]

1. d4 f5 2. Nf3 Nf6 3. g3 g6 4. Bg2 Bg7 5. 0-0 0-0 6. c4 d6 7. Nc3 Qe8 8. d5 a5 9. Rb1 Na6 10. Be3 Bd7 11. b3 h6 12. a3 g5 13. b4 axb4 14. axb4 Ng4 15. Bd4 Ne5 16. c5 f4 17. Bxe5 dxe5 18. Nd2 c6 19. Nc4 Bf5 20. Ne4 Rd8 21. d6 Nc7 22. Qb3 Nd5 23. Nb6 e6 24. Nc4 Qg6 25. Ncd2 g4 26. Rfd1 h5 27. Qc4 h4 28. Rb3 hxg3 29. hxg3 Rf7 30. b5 fxg3 31. Rxg3 cxb5 32. Qxb5 Nf4 33. Qc4 Bh6 34. Ra1 Nxg2 35. Rxg2 Rh7 36. e3 Rf8 37. Ra4 Bg7 38. Nf1 Rh3 39. Nfg3 Kh7 40. Rb4 Ra8 41. Ra4 Rh8 42. Qb4 Qh6 43. Qxb7 Kg6 44. Kf1 Rh1+ 45. Ke2 Rc1 46. Ra7 Rf8 47. Rh2 1-0

[Event "Parnu-C"]
[Site "Parnu"]
[Date "1996.02.10"]
[Round "8"]
[White "Laesson, Tuulikki"]
[Black "Tsiganova, Monika"]
[Result "1/2-1/2"]
[WhiteElo "2245"]
[BlackElo "2280"]
[PlyCount "61"]
[EventDate "1996.02.??"]
[EventType "tourn"]
[EventRounds "9"]
[EventCountry "EST"]
[EventCategory "2"]
[SourceTitle "CBM 050 Extra"]
[Source "ChessBase"]
[SourceDate "1996.03.01"]
[SourceVersion "1"]
[SourceVersionDate "1996.03.01"]
[SourceQuality "1"]

1. e4 c5 2. Nf3 d6 3. c3 Nf6 4. Bd3 e6 5. Bc2 Be7 6. 0-0 0-0 7. Re1 a6 8. d4 cxd4 9. cxd4 b5 10. a3 Bb7 11. Nc3 Qc7 12. Bf4 Rd8 13. Rc1 Nbd7 14. Qd3 Qb6 15. Be3 d5 16. exd5 exd5 17. Bg5 Bf8 18. Ne5 g6 19. Bb3 Bg7 20. Rcd1 Qd6 21. h3 Re8 22. Bf4 Nh5 23. Bh2 Nxe5 24. dxe5 Bxe5 25. Rxe5 Rxe5 26. Bxd5 Rxd5 27. Nxd5 Qc5 28. b4 Qxd5 29. Qxd5 Bxd5 30. Rxd5 Ng7 31. g4 1/2-1/2

[Event "Olympiad Women-32"]
[Site "Yerevan"]
[Date "1996.??.??"]
[Round "3"]
[White "Debowska, Teresa"]
[Black "Laesson, Tuulikki"]
[Result "0-1"]
[WhiteElo "2005"]
[BlackElo "2290"]
[PlyCount "102"]
[EventDate "1996.09.15"]
[EventType "team-swiss"]
[EventRounds "14"]
[EventCountry "ARM"]
[SourceTitle "EXT 1997"]
[Source "ChessBase"]
[SourceDate "1996.11.15"]
[SourceVersion "1"]
[SourceVersionDate "1996.11.15"]
[SourceQuality "1"]

1. e4 c5 2. Nc3 Nc6 3. g3 g6 4. Bg2 Bg7 5. d3 e6 6. f4 Nge7 7. Nf3 0-0 8. 0-0 d6 9. Be3 Nd4 10. Rb1 Nec6 11. Ne2 Qa5 12. c3 Nxe2+ 13. Qxe2 Qxa2 14. e5 Rd8 15. Ra1 Qb3 16. exd6 Qd5 17. Nd4 Qxd6 18. Nb5 Qe7 19. Qf2 Bf8 20. Rfd1 Bd7 21. d4 a6 22. Na3 cxd4 23. cxd4 Rab8 24. Nc4 Nb4 25. Ne5 Bb5 26. Bf1 Bxf1 27. Kxf1 Rbc8 28. Rac1 Rxc1 29. Bxc1 Rc8 30. Be3 Rc2 31. Rd2 Rc1+ 32. Kg2 Qd6 33. Nd3 Qd5+ 34. Qf3 Nxd3 35. Rxd3 Rc2+ 36. Rd2 Rxd2+ 37. Bxd2 Qxd4 38. Bc3 Qd5 39. Qxd5 exd5 40. Kf3 f5 41. Bd4 Kf7 42. b3 Ke6 43. Ke3 Bb4 44. h3 h5 45. Kf3 Be1 46. g4 hxg4+ 47. hxg4 Bd2 48. g5 b5 49. Be5 a5 50. Ke2 Bb4 51. Kd3 Bd6 0-1